01189 a2200169 4500003000500000005001700005010001600022020001500038040000900053082001200062100002300074245003600097260004400133300005500177505077200232650001501004Nust20221011124130.0 a 85060981 a0669045292 cNust00a540,ZUM1 aZumdahl, Steven S.10aChemistry /cSteven S. Zumdahl. aLexington, Mass. :bD.C. Heath,cc1986. axix, 1023, 60, 16 p. :bill. (some col.) ;c27 cm. aChemical Foundations (Page-1), Atoms, Molecules and Ions (Page-31), Stoichiometry (Page-61), Solution Stoichiometry and Chemical Analysis (Page-101), Gases (Page-155), Thermochemistry (Page-197), Atomic Structure and Periodicity (Page-237), Bonding General Concepts (Page-295), Covalent Bonding Orbitals (Page-349), Liquids and Solids (Page-383), Properties of Solutions (Page-435), Chemical Kinetics (Page-471), Chemical Equilibrium (Page-521), Acids and Bases (Page-559), Applications of Aqueous Equilibria (Page-618), Spontaneity Entropy and free Energy (Page-677), The Representative Elements (Page-759), Representative Elements: Groups 5A Through 8A (Page-783),The Nuclear A Chemist’s View (Page-869), Biochemistry (Page-941), Industrial chemistry (Page-975). 0aChemistry.